Úloha priamych zahraničných investícií a regionálne disparity na Slovensku

Vstup PZI do regiónov Slovenska a ich vplyv na ekonomický rast. Vstup PZI do regiónov Slovenska a ich vplyv na ekonomický rast. Vývoj prílevu PZI do regiónov SR ako podiel na celkovom príleve. Vplyv PZI na vývoj nezamestnanosti v regiónoch Slovenska.

Gespeichert in:
Bibliographische Detailangaben
1. Verfasser: Táncošová, Judita
Weitere Verfasser: Hudáková, Monika
Format: Buchkapitel
Sprache:Slowakisch
Schlagworte:
Tags: Tag hinzufügen
Keine Tags, Fügen Sie das erste Tag hinzu!

MARC

LEADER 00000naa a2200000 4500
001 0250666
005 20220718124009.1
041 0 |a slo 
044 |a SK 
245 1 0 |a Úloha priamych zahraničných investícií a regionálne disparity na Slovensku  |c Judita Táncošová, Monika Hudáková 
520 |a Vstup PZI do regiónov Slovenska a ich vplyv na ekonomický rast. Vstup PZI do regiónov Slovenska a ich vplyv na ekonomický rast. Vývoj prílevu PZI do regiónov SR ako podiel na celkovom príleve. Vplyv PZI na vývoj nezamestnanosti v regiónoch Slovenska. 
610 2 0 |a politika regionálna 
610 2 0 |a Slovensko 
610 2 0 |a stratégia investičná 
610 2 0 |a zamestnanosť 
610 2 0 |a investície priame zahraničné 
100 1 |a Táncošová, Judita 
700 1 |a Hudáková, Monika